000 00290nam a2200121Ia 4500
008 140130s9999 xx 000 0 und d
245 _cBridwell, Norman
_aClifford's Happy Mother's Day
260 _bScholastic,
_c1986
440 _v1
521 _aGrade 1
942 _cBK
999 _c39980
_d39980